| 000 | 00628nam a2200169Ia 4500 | ||
|---|---|---|---|
| 003 | SGT | ||
| 020 | _a9788120313750 | ||
| 082 |
_a621.4021 _bJON |
||
| 100 | _aJones,J.B | ||
| 245 | _aEngineering thermodynamics | ||
| 260 |
_bPHI Learning Private Limited _aNew Delhi _c1996 |
||
| 300 | _a1000p. | ||
| 650 | _aMECHANICAL ENGINEERING | ||
| 653 | _aBASIC CONCEPTS AND DEFINITIONS,PROPERTIES pvT RELATIONSHIPS,THE SECOND LAW OF THERMODYNAMICS,PROPERTIES THAT DEPEND ON THE SECOND LAW ENTROPY AND OTHERS,AVAILABILITY,CHEMICAL REACTIONS-COMBUSTION,CHEMICAL EQUILIBRIUM IN IDEAL-GAS REACTIONS | ||
| 700 | _aDugan,R.E | ||
| 942 |
_2ddc _cBK |
||
| 999 |
_c5228 _d5228 |
||